1066 1285 1070 1834 1253 1886 1285 1578 1690 1318 1901 1506 1551 1086 1726 1294 1234 1949 1386 1368 1745 1562 1582 1889 1243 1863 1191 1678 1017 1132 1654 1534 1005 1192 1263 1031 1815 1037 1732 1668 1132 1119 1898 1066 1561 1658 1625 1102 1674 1022 1856 1946 1648 1066 1909 1355 1265 1365 1272 1078 1631 1048 1929 1887 1446 1540 1964 1973 1468 1991 1775 1419 1822 1203 1216 1927 1017 1102 1126 1548 1899 1875 1573 1474 1888 1419 1811 1702 1622 1725 1185 1686 1627 1150 1778 1327 1787 1539 1049 BCNSPRNW ULIB Ver.6.0+V

เปลี่ยนเป็นภาษาไทย

Change to English
 แสดงรายละเอียดบรรณานุกรม
  กลับหน้าหลัก

Brief Record : Get Marc (ISO 2709) : E-mail record : QR code < ปิดหน้าต่าง
LEADER : 00000nam 2200000uu 4500
001    13399114016
003     ULIB
008    120125s2542||||th 000 0 tha d
020    ^a97466281904
060 04 ^aWA308^bศ448ห 2542
100 0  ^aศิริกุล อิศรานุรักษ์
245 10 ^aหลักการวางแผนงานอนามัยครอบครัว :^bคู่มือนักสาธารณสุข =^nAn introduction to family health planning : a health./^cศิริกุล อิศรานุรักษ์
246 31 ^aAn introduction to family health planning : a health
260    ^aกรุงเทพฯ :^bเจริญดีการพิมพ์,^c2542
300    ^a239 หน้า ;^c21 ซม.
650  4 ^aอนามัยครอบครัว
945    ^p0^l0^i9723
995    ^aกัณชพร
999 ^a ใช้งานได้ทุกระบบ
รายการนี้ยังไม่มีแท็ก
คุณยังไม่ได้ล็อกอิน คุณสามารถมีกิจกรรมร่วมกับเว็บไซต์ได้ แต่ต้องล็อกอินก่อน ::
  ล็อกอิน

รายการสื่อสารสนเทศ

ลำดับที่ ประเภท เลขเรียก/บาร์โค้ด สถานที่ สถานะ
- ไม่พบข้อมูล -

รายการใกล้เคียง
    ผู้แต่ง [ศิริกุล อิศรานุรักษ์]

    หัวเรื่อง [อนามัยครอบครัว]

BibComment


ยังไม่เคยถูกคอมเมนท์

คอมเมนท์ทรัพยากรรายการนี้
  คอมเมนท์: หลักการวางแผนงาน..


 Copyright 2026. Bcnsprnw @Library